| 000 | 00363nam a2200145Ia 4500 | ||
|---|---|---|---|
| 008 | 240624s9999 xx 000 0 und d | ||
| 041 | _aeng | ||
| 082 | _a302.35 PAR | ||
| 100 | _aPARIKH MARGIE | ||
| 245 | _aORGANIZATIONAL BEHAVIOUR | ||
| 250 | _a11 | ||
| 260 |
_c2010 _aNew Delhi _bTata McGraw- Hill |
||
| 300 | _axiii, : 639 : p. : cm. ; 24 | ||
| 365 |
_cRS _b30 |
||
| 999 |
_c17961 _d17961 |
||